Counties of New York City - Statistics

General Stats
  • This quiz has been taken 165 times
  • The average score is 4 of 5
Answers on the Map
Answers color-coded by a green-red scale on the quiz's map according to % correct below.
 
Answer Stats
Borough County % Correct
The Bronx Bronx County
94%
Queens Queens County
94%
Brooklyn Kings County
67%
Manhattan New York County
64%
Staten Island Richmond County
44%
No matching quizzes found
Score Distribution
Percent of People with Each Score
Percentile by Number Answered
Your Score History
You have not taken this quiz